000 00632nam a2200229Ia 4500
003 OSt
005 20220925184628.0
006 a|||||r|||| 00| 0
007 ta
008 220923b |||||||| |||| 00| 0 eng d
037 _cGeneral Book
040 _aRTL
_cRTL
_beng
041 _2eng
_aeng
082 _aQ.1.N4, J7
100 _aGanga Prasad
245 0 _aFountainhead of religion
_bA comparative study of th
260 _aAjmer
_bArya Sahitya Mandal Ltd India
_c1957
300 _axxii, 211p.
_ccm.
650 _aReligion
942 _hQ.1.N4, J7
_cGB
_2CC
999 _c508361
_d508361